000 00503nam a2200181Ia 4500
008 190912s9999 xx 000 0 und d
100 _aMabasa, Roy C.
245 _aKuwaiti delegation to visit Manila for OFW talks/
245 _cRoy C. Mabasa
260 _bManila Bulletin
260 _c2017
300 _aMarch 14
440 _aManila Bulletin
650 _ahousehold employees
650 _aKuwait (Western Asia)
650 _aOverseas Filipino Workers
650 _aPolitics -- Philippines
999 _c362102
_d362102